Observing The Ground In The City : Summer Observation (Record no. 18035)

MARC details
000 -LEADER
fixed length control field 00473nam a2200157Ia 4500
008 - FIXED-LENGTH DATA ELEMENTS--GENERAL INFORMATION
fixed length control field 220803s9999 xx 000 0 und d
041 ## - LANGUAGE CODE
Language code of text/sound track or separate title eng
082 ## - DEWEY DECIMAL CLASSIFICATION NUMBER
Classification number 712.36 LEA/PAN
100 ## - MAIN ENTRY--PERSONAL NAME
Personal name LEAF Pub.
9 (RLIN) 28506
245 ## - TITLE STATEMENT
Title Observing The Ground In The City : Summer Observation
260 ## - PUBLICATION, DISTRIBUTION, ETC. (IMPRINT)
Place of publication, distribution, etc. Ahmedabad
Name of publisher, distributor, etc. Landscape Environment Advancement Foundation
Date of publication, distribution, etc. 2010
300 ## - PHYSICAL DESCRIPTION
Extent 81p
500 ## - GENERAL NOTE
Keywords Landscape
650 ## - SUBJECT ADDED ENTRY--TOPICAL TERM
Topical term or geographic name as entry element Landscape Architecture
9 (RLIN) 28507
700 ## - ADDED ENTRY--PERSONAL NAME
Personal name LEAF Pub. Pande M
9 (RLIN) 28508
Holdings
Withdrawn status Lost status Damaged status Not for loan Home library Current library Shelving location Date acquired Total Checkouts Full call number Barcode Date last seen Bill Date Koha item type Original Barcode
        Dr. Bhanuben Nanavati College of Architecture Dr. Bhanuben Nanavati College of Architecture   13/09/2011   712.36 LEA/PAN BNCA-DB-561 03/08/2022 03/08/2022 Donated Book DB000561